The lost historical archives of the City of Szczecin
| Titel: | The lost historical archives of the City of Szczecin |
|---|---|
| Verfasser: | ; |
| In: |
Archival science, Band 24, Heft 1 (2024), Seite 1-20 alle Artikel anzeigen |
| Veröffentlicht: | 2024 |
| Format: | Aufsatz |
| Sprache: | Englisch |
X
alg: 51601625 001A $03036:05-03-24 001B $03025:04-02-26 $t16:43:56.000 001D $03036:05-03-24 001U $0utf8 001X $00 002@ $0Aou 002C $aText $btxt $2rdacontent 002D $aohne Hilfsmittel zu benutzen $bn $2rdamedia 002E $aBand $bnc $2rdacarrier 003@ $0516016253 007A $0516016253 $aHEB 010@ $aeng 010E $erda 011@ $a2024 021A $aThe @lost historical archives of the City of Szczecin 028A $BVerfasser $4aut $71221093940 $8Gut, Paweł [Tp3] $9471837482 028C $BVerfasser $4aut $8Gaziński, Radosław$Z1960- [Tp3] $9468735836 031A $d24 $e1 $h1-20 $j2024 039B $aEnthalten in $8--Abvc--. Archival science. - Dordrecht : Springer, 2001-. - ISSN 1389-0166 $x202400000240001999 $9083703608 044K $RLandkreis Randow $#Stettin $#Szczecin $#Stetina $#Stadtkreis Stettin $#Groß Stettin $#Sedinum $#Alten Stettin $#Olden Stettin $#Ščecinas $#Štětín $74057392-8 $8Stettin [Tg1] $9085159689 045F $a020.943816 $eDDC23BSB 045F/01 $a020 045F/03 $g43816 045F/03 $g438 045T $a24,1 $a8 lok: 51601625 78 exp: 51601625 78 1 #EPN 201B/01 $004-02-26 $t16:43:56.000 201C/01 $004-02-26 201U/01 $0utf8 203@/01 $01333516789 208@/01 $a04-02-26 $be 209A/01 $a/ $f000 $x00 209A/01 $ab*p $x01 220C/01 $apgar 244Z/01 $#Generalgouvernement Polen $#Polska $#Rzeczpospolita Polska $#Polska Rzeczpospolita Ludowa $#Poland $#Pologne $#République Polonaise $#Generalne Gubernatorstwo w Polsce $#Polish People's Republic $#Polska Rzeczpospolita Polen $#PRL $#RP $#Polen Generalgouvernement $#Polska Generalgouvernement $#Besetzte Polnische Gebiete $#Besetztes Gebiet in Polen $#Okupowane Polskie Obszary $#Obszary Okupowane w Polsce $#Volksrepublik Polen $#Polska Rosyjska $#Republic Polen $#Respublika Pol'ša $#Pol'skaja Narodnaja Respublika $#République de Pologne $#Polen Links der Weichsel $#Polska po Lewej Stronie Wisły $#Lenkija $#Polija $#Gubernija Carstva Pol'skago $#Republik Polen $74046496-9 $8--Tg1--Polen $x01 $9085129801 244Z/01 $#Pommern $#Pommern $#Herzogtum Pommern $#Herzogthum Pommern $#Provinz Pommern $#Pomorze $74046744-2 $8--Tg1--Pommern $x07 $9085130354 247C/01 $82080>Marburg/Lahn, Herder-Institut, Forschungsbibliothek, Bibliographieportal $9336309341 lok: 51601625 105 exp: 51601625 105 1 #EPN 201B/01 $005-03-24 $t14:59:58.000 201C/01 $005-03-24 201U/01 $0utf8 203@/01 $01257190709 208@/01 $a05-03-24 $be 209A/01 $a/ $f106 $x00 237A/01 $aSignatur Archivschule Marburg: A 20.20 245Z/01 $a4.10.02. $bArchivwesen Europas / Polen / Archive und Archivbestände $x01 247C/01 $8->Marburg, Bibliographie zum Archivwesen der Archivschule Marburg $939588196X
| LEADER | 00000caa a2200000 c 4500 | ||
|---|---|---|---|
| 001 | 516016253 | ||
| 003 | DE-603 | ||
| 005 | 20260204164356.0 | ||
| 007 | tu | ||
| 008 | 240305s2024 xx |||| | u00||u|eng c | ||
| 035 | |a (DE-599)HEB516016253 | ||
| 040 | |a DE-603 |b ger |c DE-603 |d DE-603 |e rda | ||
| 041 | |a eng | ||
| 082 | 0 | 4 | |8 1\u |a 020.943816 |q DE-101 |2 23/BSB |
| 084 | |a 24,1 |a 8 |2 ssgn | ||
| 085 | |8 1\u |b 020 | ||
| 085 | |8 1\u |z 2 |s 43816 | ||
| 085 | |8 1\u |z 2 |s 438 | ||
| 100 | 1 | |a Gut, Paweł |e Verfasser |4 aut |0 (DE-603)471837482 |0 (DE-588)1221093940 |2 gnd | |
| 245 | 0 | 0 | |a The lost historical archives of the City of Szczecin |
| 264 | 0 | |c 2024 | |
| 336 | |a Text |b txt |2 rdacontent | ||
| 337 | |a ohne Hilfsmittel zu benutzen |b n |2 rdamedia | ||
| 338 | |a Band |b nc |2 rdacarrier | ||
| 651 | 7 | |a Stettin |0 (DE-588)4057392-8 |0 (DE-603)085159689 |2 gnd | |
| 700 | 1 | |a Gaziński, Radosław |d 1960- |e Verfasser |4 aut |0 (DE-603)468735836 |0 (DE-588)121708150X |2 gnd | |
| 773 | 0 | 8 | |i Enthalten in |t Archival science |d Dordrecht : Springer, 2001- |x 1389-0166 |g Band 24, Heft 1 (2024), Seite 1-20 |w (DE-603)083703608 |w (DE-600)1492892-9 |
| 924 | 0 | |9 2080 |a (DE-603)1333516789 |b DE-2080 |c HES |d d |g / | |
| 924 | 0 | |9 - |a (DE-603)1257190709 |b DE- |c HES |d d |g / | |